29奈良県の市町村 - Statistics

General Stats
  • This quiz has been taken 119 times
    115 since last reset
  • The average score is 21 of 39
Answer Stats
Answer % Correct
奈良市
100%
橿原市
91%
大和郡山市
84%
天理市
84%
桜井市
84%
生駒市
82%
大和高田市
75%
五條市
74%
宇陀市
67%
御所市
66%
香芝市
66%
葛城市
58%
吉野郡吉野町
57%
生駒郡平群町
51%
吉野郡十津川村
51%
吉野郡下北山村
50%
吉野郡上北山村
50%
生駒郡斑鳩町
49%
吉野郡東吉野村
49%
吉野郡野迫川村
47%
北葛城郡王寺町
46%
生駒郡三郷町
45%
磯城郡田原本町
45%
生駒郡安堵町
42%
吉野郡下市町
42%
吉野郡黒滝村
42%
吉野郡天川村
42%
北葛城郡河合町
41%
宇陀郡曽爾村
39%
北葛城郡上牧町
39%
北葛城郡広陵町
39%
磯城郡三宅町
38%
吉野郡川上村
38%
宇陀郡御杖村
37%
吉野郡大淀町
37%
磯城郡川西町
34%
高市郡明日香村
34%
山辺郡山添村
32%
高市郡高取町
32%
No matching quizzes found
Score Distribution
Percent of People with Each Score
Percentile by Number Answered
Your Score History
You have not taken this quiz since the last reset